| 000 | 00835cab a2200289 4500 | ||
|---|---|---|---|
| 001 | ABS67503 | ||
| 008 | 040227n2004 000 0 eng u | ||
| 035 | _a(Sirsi) u125244 | ||
| 245 | _aRegional survey: Berkshire | ||
| 260 | _c2004 | ||
| 490 |
_aProperty Week _v69(6) 6 February 2004, 77-102(10) |
||
| 590 | _aABS | ||
| 650 | _aBERKSHIRE | ||
| 650 | _aTHAMES VALLEY | ||
| 650 | _aNEWBURY | ||
| 650 | _aREADING | ||
| 650 | _aSLOUGH | ||
| 650 | _aMAIDENHEAD | ||
| 650 | _aBRACKNELL | ||
| 650 | _aOCCUPIERS | ||
| 650 | _aDEVELOPERS | ||
| 650 | _aPROPERTY-COMMERCIAL PROPERTY-RETAIL PROPERTY-RETAIL PROPERTY MARKET | ||
| 650 | _aPROPERTY-COMMERCIAL PROPERTY-OFFICE PROPERTY-OFFICE PROPERTY MARKET | ||
| 650 | _aINDUSTRIAL MARKET | ||
| 690 | _aPROPERTY-COMMERCIAL PROPERTY-COMMERCIAL PROPERTY MARKET | ||
| 942 | _n0 | ||
| 999 |
_c74175 _d74175 |
||